Every 100,000+ City in Panama in Order - Statistics

General Stats
  • This quiz has been taken 17 times
  • The average score is 4 of 6
Answer Stats
Letter Population City % Correct
P-C 2,056,346 Panamá City
100%
D 156,334 David
67%
S-M 403,652 San Miguelito
67%
L-C 207,148 La Chorrera
58%
C 233,817 Colón
50%
S 108,630 Santiago
50%
No matching quizzes found
Score Distribution
Percent of People with Each Score
Percentile by Number Answered
Your Score History
You have not taken this quiz